Математическое и программное обеспечение систем поддержки принятия стратегических решений на основе экспертных знаний: монография
| Yazar: | |
|---|---|
| Müşterek Yazar: | |
| Özet: | Заглавие с титульного экрана Электронная версия печатной публикации В монографии рассматриваются проблемы принятия стратегических решений в социально-экономических системах (СЭС) на основе экспертных знаний. Предлагается комплекс универсальных моделей поддержки принятия решений для этапов стратегического анализа, выбора и контроля. Приведены результаты практического применения предлагаемых моделей в стратегическом управлении СЭС пяти видов, а также системы поддержки принятия решений (СППР), разработанные на их основе. Разработаны концептуальные основы, принципы и технология функционирования программной среды, обеспечивающей «конструирование» в ней прикладных решений СППР для стратегического управления СЭС различных видов на основе типового инструментария, позволяющего работать с экспертными знаниями. Предназначена для специалистов в сфере управления, информационных систем, а также для широкого круга научных работников, аспирантов и студентов вузов экономических и управленческих специальностей. Режим доступа: из корпоративной сети ТПУ |
| Dil: | Rusça |
| Baskı/Yayın Bilgisi: |
Томск, Изд-во ТПУ, 2018
|
| Konular: | |
| Online Erişim: | https://www.lib.tpu.ru/fulltext2/m/2019/m014.pdf |
| Materyal Türü: | MixedMaterials Elektronik Kitap |
| KOHA link: | https://koha.lib.tpu.ru/cgi-bin/koha/opac-detail.pl?biblionumber=342789 |
MARC
| LEADER | 00000nlm0a2200000 4500 | ||
|---|---|---|---|
| 001 | 342789 | ||
| 005 | 20231222105657.0 | ||
| 035 | |a (RuTPU)RU\TPU\book\372018 | ||
| 035 | |a RU\TPU\book\370644 | ||
| 090 | |a 342789 | ||
| 100 | |a 20190328d2018 k y0rusy50 ca | ||
| 101 | 0 | |a rus | |
| 102 | |a RU | ||
| 105 | |a a z 001zy | ||
| 135 | |a drcn ---uucaa | ||
| 181 | 0 | |a i | |
| 182 | 0 | |a b | |
| 200 | 1 | |a Математическое и программное обеспечение систем поддержки принятия стратегических решений на основе экспертных знаний |e монография |f А. А. Захарова |g Национальный исследовательский Томский политехнический университет (ТПУ), Юргинский технологический институт (ЮТИ) | |
| 203 | |a Текст |c электронный | ||
| 210 | |a Томск |c Изд-во ТПУ |d 2018 | ||
| 300 | |a Заглавие с титульного экрана | ||
| 300 | |a Электронная версия печатной публикации | ||
| 330 | |a В монографии рассматриваются проблемы принятия стратегических решений в социально-экономических системах (СЭС) на основе экспертных знаний. Предлагается комплекс универсальных моделей поддержки принятия решений для этапов стратегического анализа, выбора и контроля. Приведены результаты практического применения предлагаемых моделей в стратегическом управлении СЭС пяти видов, а также системы поддержки принятия решений (СППР), разработанные на их основе. Разработаны концептуальные основы, принципы и технология функционирования программной среды, обеспечивающей «конструирование» в ней прикладных решений СППР для стратегического управления СЭС различных видов на основе типового инструментария, позволяющего работать с экспертными знаниями. Предназначена для специалистов в сфере управления, информационных систем, а также для широкого круга научных работников, аспирантов и студентов вузов экономических и управленческих специальностей. | ||
| 333 | |a Режим доступа: из корпоративной сети ТПУ | ||
| 452 | 1 | |0 (RuTPU)RU\TPU\book\371571 |y 978-5-4387-0843-8 |t Математическое и программное обеспечение систем поддержки принятия стратегических решений на основе экспертных знаний |o монография |f А. А. Захарова |g Национальный исследовательский Томский политехнический университет (ТПУ), Юргинский технологический институт (ЮТИ) |c Томск |n Изд-во ТПУ |d 2018 |p 206 с. |a Захарова, Александра Александровна | |
| 606 | 1 | |a Принятие решений |x Математическая теория |x Экономика |2 stltpush |3 (RuTPU)RU\TPU\subj\36708 |9 57998 | |
| 610 | 1 | |a электронный ресурс | |
| 610 | 1 | |a монографии | |
| 610 | 1 | |a труды учёных ТПУ | |
| 610 | 1 | |a стратегические решения | |
| 610 | 1 | |a социально-экономические системы | |
| 610 | 1 | |a проблемы | |
| 610 | 1 | |a универсальные модели | |
| 610 | 1 | |a практические результаты | |
| 610 | 1 | |a практическая реализация | |
| 610 | 1 | |a концептуальные основы | |
| 610 | 1 | |a принятие решений | |
| 610 | 1 | |a разработка | |
| 610 | 1 | |a системы поддержки | |
| 610 | 1 | |a программные среды | |
| 610 | 1 | |a прикладные решения | |
| 610 | 1 | |a стратегическое управление | |
| 686 | |a Ув631 |2 rubbk | ||
| 700 | 1 | |a Захарова |b А. А. |c специалист в области информатики и вычислительной техники |c профессор Юргинского технологического института (филиала) Томского политехнического университета, доктор наук |f 1976- |g Александра Александровна |3 (RuTPU)RU\TPU\pers\22758 |9 9789 | |
| 712 | 0 | 2 | |a Национальный исследовательский Томский политехнический университет (ТПУ) |b Юргинский технологический институт (ЮТИ) |c (2009- ) |3 (RuTPU)RU\TPU\col\15903 |
| 801 | 1 | |a RU |b 63413507 |c 20161031 | |
| 801 | 2 | |a RU |b 63413507 |c 20220831 |g RCR | |
| 856 | 4 | |u https://www.lib.tpu.ru/fulltext2/m/2019/m014.pdf | |
| 942 | |c CF | ||